000 00596 a2200229 4500
001 110655
020 _a9781423103004
041 _aeng
090 _aIM Year 2 [E] WIL
100 _aWillems, Mo.
250 _a1st ed.
300 _a1 v. (unpaged)
500 _aLivros do programa AIM
697 _aPicture books for children.
697 _aDogs - Fiction.
697 _aFrogs - Fiction.
856 _u00001a/00001a8e.jpg
040 _aBR-BrIDEA
_cBR-BrIDEA
245 1 0 _aCity Dog, Country Frog
_c Mo Willems
260 _aNew York
_bHyperion Books for Children
_c2010
942 _cBK
999 _c110655
_d110655